[Event "GER-chT U20"]
[Site "Ditzingen"]
[Date "2003.12.28"]
[Round "4.5"]
[White "Katte, Nicolas"]
[Black "Delpy, Rene"]
[Result "1/2-1/2"]
[WhiteElo "1655"]
[BlackElo "1508"]
[PlyCount "76"]
[EventDate "2003.12.27"]
[EventType "team-swiss"]
[EventRounds "7"]
[EventCountry "GER"]
[SourceTitle "EXT 2022"]
[Source "ChessBase"]
[SourceDate "2021.10.06"]
[SourceVersion "1"]
[SourceVersionDate "2021.10.06"]
[SourceQuality "1"]
[WhiteTeam "Mainz Theresianum U20"]
[BlackTeam "Aachen Hoern U20"]
[WhiteTeamCountry "GER"]
[BlackTeamCountry "GER"]

1. e4 e5 2. Nf3 Nc6 3. d4 exd4 4. Nxd4 Bc5 5. Be3 Qf6 6. c3 Nge7 7. Bb5 a6 8. Bxc6 Nxc6 9. Qd2 0-0 10. Nxc6 Qxc6 11. Bxc5 Qxc5 12. Qd4 Qb5 13. b3 Re8 14. Nd2 d5 15. 0-0-0 dxe4 16. Nxe4 Bf5 17. Rhe1 Bxe4 18. Rxe4 Rxe4 19. Qxe4 Re8 20. Qd5 Qxd5 21. Rxd5 Kf8 22. Kd2 Ke7 23. Re5+ Kd7 24. Rxe8 Kxe8 25. Ke3 Ke7 26. a3 Ke6 27. g4 f6 28. f4 f5 29. g5 c5 30. a4 a5 31. Kd2 Kd5 32. Kd3 b6 33. h3 h6 34. gxh6 gxh6 35. h4 h5 36. Ke3 Kd6 37. Kd2 Kc6 38. Kc2 Kd6 1/2-1/2

[Event "NRW Holiday U16"]
[Site "Wewelsburg"]
[Date "2003.09.08"]
[Round "4"]
[White "Delpy, Rene"]
[Black "Schreyer, Tom"]
[Result "1-0"]
[WhiteElo "1570"]
[BlackElo "1127"]
[PlyCount "33"]
[EventDate "2003.09.??"]
[EventType "swiss"]
[EventRounds "7"]
[EventCountry "GER"]
[SourceTitle "EXT 2005"]
[Source "ChessBase"]
[SourceDate "2004.11.15"]
[SourceVersion "1"]
[SourceVersionDate "2004.11.15"]
[SourceQuality "1"]

1. e4 d6 2. d4 Nf6 3. Bd3 g6 4. f4 Bg7 5. Nf3 c6 6. Nc3 Nbd7 7. h3 Qc7 8. e5 dxe5 9. fxe5 Nd5 10. Nxd5 cxd5 11. Bf4 0-0 12. Qd2 b6 13. e6 Qd8 14. exd7 Bxd7 15. Ne5 Bxe5 16. Bxe5 f6 17. Bf4 1-0

[Event "NRW Holiday U16"]
[Site "Wewelsburg"]
[Date "2003.09.06"]
[Round "2"]
[White "Delpy, Rene"]
[Black "Krutwig, Longlong"]
[Result "0-1"]
[WhiteElo "1570"]
[BlackElo "1829"]
[PlyCount "52"]
[EventDate "2003.09.??"]
[EventType "swiss"]
[EventRounds "7"]
[EventCountry "GER"]
[SourceTitle "EXT 2005"]
[Source "ChessBase"]
[SourceDate "2004.11.15"]
[SourceVersion "1"]
[SourceVersionDate "2004.11.15"]
[SourceQuality "1"]

1. e4 e5 2. Nf3 Nc6 3. Bc4 Nf6 4. d3 Bc5 5. Nc3 d6 6. Be3 Bb6 7. Qd2 Be6 8. Bb3 h6 9. h3 Ne7 10. 0-0-0 Ba5 11. Qe1 c6 12. Bd2 Qc7 13. d4 Bxb3 14. axb3 0-0 15. g4 exd4 16. Nxd4 Rfe8 17. f3 Bxc3 18. Bxc3 d5 19. e5 Ng6 20. f4 Nxf4 21. Qg3 Qxe5 22. Rde1 Ne4 23. Qh2 Qc7 24. Nf3 Nxc3 25. bxc3 a5 26. Nh4 Rxe1+ 0-1

[Event "NRW-ch U16"]
[Site "Kranenburg"]
[Date "2003.04.26"]
[Round "7"]
[White "Tenhuendfeld, Bernd"]
[Black "Delpy, Rene"]
[Result "1/2-1/2"]
[WhiteElo "1343"]
[BlackElo "1408"]
[PlyCount "25"]
[EventDate "2003.04.??"]
[EventType "swiss"]
[EventRounds "7"]
[EventCountry "GER"]
[SourceTitle "EXT 2005"]
[Source "ChessBase"]
[SourceDate "2004.11.15"]
[SourceVersion "1"]
[SourceVersionDate "2004.11.15"]
[SourceQuality "1"]

1. e4 e5 2. Nf3 Nc6 3. Bb5 Nf6 4. d3 a6 5. Bxc6 dxc6 6. Bg5 Bg4 7. h3 Bxf3 8. Qxf3 h6 9. Bxf6 Qxf6 10. Qxf6 gxf6 11. Nc3 Bb4 12. 0-0 Bxc3 13. bxc3 1/2-1/2

[Event "NRW-ch U16"]
[Site "Kranenburg"]
[Date "2003.04.22"]
[Round "2"]
[White "Delpy, Rene"]
[Black "Hilverda, Alexander"]
[Result "0-1"]
[WhiteElo "1408"]
[BlackElo "1933"]
[PlyCount "100"]
[EventDate "2003.04.??"]
[EventType "swiss"]
[EventRounds "7"]
[EventCountry "GER"]
[SourceTitle "EXT 2005"]
[Source "ChessBase"]
[SourceDate "2004.11.15"]
[SourceVersion "1"]
[SourceVersionDate "2004.11.15"]
[SourceQuality "1"]

1. e4 c5 2. c3 Nf6 3. e5 Nd5 4. d4 cxd4 5. cxd4 e6 6. Bd2 Qb6 7. Bc3 Nc6 8. Qd2 d6 9. f4 Nxc3 10. bxc3 dxe5 11. fxe5 Bd7 12. Nf3 Rc8 13. Bd3 Nb4 14. Be2 Nd5 15. Kf2 Be7 16. Rc1 0-0 17. a3 Rfd8 18. c4 Qc7 19. Nc3 Nxc3 20. Rxc3 Bc6 21. Rac1 Bxf3 22. Rxf3 Rxd4 23. Rd3 Qxe5 24. Rcc3 Bc5 25. Ke1 h6 26. Rxd4 Bxd4 27. Rc2 Rd8 28. Kd1 Rd6 29. Bd3 Qxh2 30. g4 Qg1+ 31. Qe1 Qxg4+ 32. Qe2 Qg5 33. Qf3 Be3 34. Ke2 Bc5 35. Qe4 f5 36. Qf3 Qg4 37. Qxg4 fxg4 38. Be4 b6 39. a4 g3 40. Rd2 Rxd2+ 41. Kxd2 h5 42. Kd3 h4 43. Bg2 g5 44. Ke4 g4 45. Kf4 h3 46. Bxh3 gxh3 47. Kxg3 Kf7 48. Kxh3 Kf6 49. Kg4 e5 50. Kf3 Kf5 0-1